000 01458nam a2200337Ia 4500
001 ebr10367460
003 CaPaEBR
006 m u
007 cr cn|||||||||
008 050315s2009 dk a sb 000 0 eng d
020 _z9789289014151
040 _aCaPaEBR
_cCaPaEBR
035 _a(OCoLC)649901804
050 1 4 _aRA407.5.E85
_bE87 2009eb
245 0 4 _aThe European health report
_h[electronic resource] :
_p2009 :
_bhealth and health systems.
260 _aCopenhagen :
_bWorld Health Organization, WHO Regional Office for Europe,
_cc2009.
300 _aix, 178 p. :
_bill. (some col.).
490 1 _aWHO regional publications. European series,
_x0378-2255
504 _aIncludes bibliographical references.
533 _aElectronic reproduction.
_bPalo Alto, Calif. :
_cebrary,
_d2011.
_nAvailable via World Wide Web.
_nAccess may be limited to ebrary affiliated libraries.
650 0 _aEnvironmental health
_zEurope.
650 0 _aHealth care reform
_zEurope.
650 0 _aHealth status indicators
_zEurope.
650 0 _aLifestyles
_xHealth aspects
_zEurope.
650 0 _aMedical policy
_zEurope.
655 7 _aElectronic books.
_2local
710 2 _aWorld Health Organization.
_bRegional Office for Europe.
710 2 _aebrary, Inc.
830 0 _aWHO regional publications.
_pEuropean series.
856 4 0 _uhttp://site.ebrary.com/lib/rucke/Doc?id=10367460
_zAn electronic book accessible through the World Wide Web; click to view
999 _c109525
_d109525